000
00248nam a2200109Ia 4500
999
_c
8069
_d
8069
020
_a
978-0071231510
100
_a
Ramakrishnan, Gehrke
245
0
_a
Database Management Systems
260
_a
USA
_b
Microsoft Press
_c
2001
300
_a
1180
942
_c
BK